[Event "EU-ch Online 2300+ Qual"]
[Site "Chess.com INT"]
[Date "2020.05.29"]
[Round "8"]
[White "Krivenko, Sergey"]
[Black "Plaksin, Igor"]
[Result "1-0"]
[WhiteElo "2279"]
[BlackElo "1868"]
[PlyCount "83"]
[EventDate "2020.05.29"]
[EventType "swiss"]
[EventRounds "8"]
[EventCountry "NET"]
[SourceTitle "CBM 196 Extra"]
[Source "ChessBase"]
[SourceDate "2020.07.31"]
[SourceVersion "1"]
[SourceVersionDate "2020.07.31"]
[SourceQuality "1"]

1. d4 Nf6 2. Nf3 g6 3. Bg5 Bg7 4. Nbd2 d5 5. e3 0-0 6. Be2 c5 7. c3 Nc6 8. 0-0 b6 9. Qb3 c4 10. Qa3 b5 11. b3 Bf5 12. Ne5 Qa5 13. Qxa5 Nxa5 14. b4 Nb7 15. Bf3 e6 16. Bxf6 Bxf6 17. Nd7 Bg5 18. Nxf8 Kxf8 19. a4 Nd6 20. Rfc1 Bd8 21. Be2 g5 22. h3 Bg6 23. Bf3 f5 24. g3 Bb6 25. Bd1 Ke7 26. Nf3 Be8 27. axb5 Nf7 28. Bc2 h6 29. g4 Kf6 30. Nh2 Nd6 31. Nf1 Bf7 32. Ng3 Be8 33. f3 Rb8 34. Kh2 Bg6 35. gxf5 exf5 36. e4 fxe4 37. fxe4 Nxe4 38. Rf1+ Ke6 39. Nxe4 dxe4 40. Rae1 Kd5 41. Rf6 Rg8 42. Rxg6 1-0

[Event "EU-ch Online U2300 Final"]
[Site "Chess.com INT"]
[Date "2020.05.26"]
[Round "3"]
[White "Sjoberg, Isak"]
[Black "Plaksin, Igor"]
[Result "0-1"]
[WhiteElo "2189"]
[BlackElo "1868"]
[PlyCount "68"]
[EventDate "2020.05.26"]
[EventType "swiss"]
[EventRounds "8"]
[EventCountry "NET"]
[SourceTitle "CBM 196 Extra"]
[Source "ChessBase"]
[SourceDate "2020.07.31"]
[SourceVersion "1"]
[SourceVersionDate "2020.07.31"]
[SourceQuality "1"]

1. e4 c5 2. Nf3 d6 3. d4 cxd4 4. Qxd4 Nc6 5. Bb5 Qa5+ 6. Nc3 Bd7 7. Bxc6 bxc6 8. 0-0 e5 9. Qd3 h6 10. Rd1 Nf6 11. Nd2 Be6 12. Nc4 Bxc4 13. Qxc4 Rc8 14. Ne2 Be7 15. Ng3 g6 16. h3 Kf8 17. Be3 Kg7 18. b4 Qc7 19. Qa6 d5 20. Bc5 Bxc5 21. bxc5 d4 22. c3 Rhd8 23. cxd4 exd4 24. Rab1 Qe5 25. Qc4 Nxe4 26. Rb7 Ng5 27. Rxa7 Ne6 28. Ne2 d3 29. Ng3 Qxc5 30. Qxc5 Nxc5 31. Ra5 Ne6 32. Ra3 Nf4 33. Ra4 Ne2+ 34. Kf1 Nc3 0-1

[Event "EU-ch Online U2300 Qual"]
[Site "Chess.com INT"]
[Date "2020.05.25"]
[Round "2"]
[White "Plaksin, Igor"]
[Black "Salamero Pelay, Fernando"]
[Result "1-0"]
[WhiteElo "1868"]
[BlackElo "2071"]
[PlyCount "107"]
[EventDate "2020.05.25"]
[EventType "swiss"]
[EventRounds "8"]
[EventCountry "NET"]
[SourceTitle "EXT 2021"]
[Source "ChessBase"]
[SourceDate "2020.10.23"]
[SourceVersion "1"]
[SourceVersionDate "2020.10.23"]
[SourceQuality "1"]

1. e4 c5 2. Nf3 Nc6 3. d4 cxd4 4. Nxd4 Nf6 5. Nc3 e5 6. Ndb5 d6 7. Bg5 a6 8. Na3 Be6 9. Bc4 b5 10. Bd5 Bxd5 11. Nxd5 Be7 12. Bxf6 Bxf6 13. Qg4 0-0 14. h4 Kh8 15. 0-0-0 Rc8 16. Kb1 Nd4 17. c3 Ne6 18. Nc2 a5 19. Nce3 b4 20. c4 a4 21. Nxb4 a3 22. b3 Rb8 23. Ned5 Nd4 24. Rxd4 exd4 25. Nd3 Qa5 26. Qe2 Rfc8 27. Ka1 Bd8 28. g4 Rb7 29. g5 Qa6 30. f4 Ba5 31. h5 Rxc4 32. bxc4 Qxc4 33. Rc1 Bc3+ 34. Nxc3 dxc3 35. Rc2 Qb5 36. Qd1 Qc4 37. Nc1 h6 38. Nb3 Qxe4 39. gxh6 Qxf4 40. hxg7+ Kg8 41. Qe1 Qf5 42. Qe8+ Kxg7 43. Rg2+ Kf6 44. Qh8+ Ke6 45. Nd4+ Kd5 46. Nxf5 c2 47. Qd4+ Ke6 48. Qe4+ Kf6 49. Qxc2 Rb5 50. Nd4 Re5 51. Rf2+ Kg7 52. Nf5+ Kf6 53. Nxd6+ Ke6 54. Re2 1-0

[Event "EU-ch Online U2300 Qual"]
[Site "Chess.com INT"]
[Date "2020.05.25"]
[Round "4"]
[White "Spitzl, Vinzent"]
[Black "Plaksin, Igor"]
[Result "1-0"]
[WhiteElo "2346"]
[BlackElo "1868"]
[PlyCount "55"]
[EventDate "2020.05.25"]
[EventType "swiss"]
[EventRounds "8"]
[EventCountry "NET"]
[SourceTitle "EXT 2021"]
[Source "ChessBase"]
[SourceDate "2020.10.23"]
[SourceVersion "1"]
[SourceVersionDate "2020.10.23"]
[SourceQuality "1"]

1. e4 c5 2. Nf3 d6 3. d4 cxd4 4. Nxd4 Nf6 5. Nc3 g6 6. Be3 Bg7 7. f3 0-0 8. Qd2 Nc6 9. 0-0-0 Nxd4 10. Bxd4 Be6 11. Kb1 Qc7 12. g4 Rfc8 13. h4 Qa5 14. a3 Rab8 15. h5 b5 16. h6 Bf8 17. Bxf6 b4 18. axb4 Rxb4 19. Bd4 Rxb2+ 20. Kxb2 Qb4+ 21. Kc1 Qa3+ 22. Kb1 Rb8+ 23. Bb5 Bc4 24. Qe3 Rxb5+ 25. Nxb5 Qb4+ 26. Bb2 Qxb5 27. Qc3 f6 28. g5 1-0

[Event "EU School-ch U13"]
[Site "Kallithea"]
[Date "2016.06.18"]
[Round "2"]
[White "Karaahmetoglu, Ege"]
[Black "Plaksin, Igor"]
[Result "1-0"]
[WhiteElo "1928"]
[BlackElo "1609"]
[PlyCount "55"]
[EventDate "2016.06.17"]
[EventType "swiss"]
[EventRounds "9"]
[EventCountry "GRE"]
[SourceTitle "EXT 2017"]
[Source "ChessBase"]
[SourceDate "2016.10.25"]
[SourceVersion "1"]
[SourceVersionDate "2016.10.25"]
[SourceQuality "1"]

1. e4 e5 2. Nf3 Nc6 3. Bc4 Nf6 4. d3 Bc5 5. 0-0 d6 6. c3 h6 7. Nbd2 0-0 8. h3 Be6 9. Re1 Qd7 10. Bxe6 fxe6 11. Nc4 b5 12. Ne3 d5 13. exd5 exd5 14. d4 exd4 15. cxd4 Bb6 16. Qd3 a6 17. Bd2 Ne4 18. Ng4 Rae8 19. Be3 Re6 20. Nfe5 Nxe5 21. Nxe5 Qe7 22. f3 Nd6 23. Ng6 Qf6 24. Nxf8 Kxf8 25. Bf2 Rxe1+ 26. Rxe1 Nf5 27. Re5 Nxd4 28. Rxd5 1-0

[Event "RUS-chT U14"]
[Site "Sochi"]
[Date "2016.05.09"]
[Round "8.1"]
[White "Plaksin, Igor"]
[Black "Shemyakin, Valeriy"]
[Result "0-1"]
[WhiteElo "1621"]
[BlackElo "2077"]
[PlyCount "54"]
[EventDate "2016.05.01"]
[EventType "team-tourn"]
[EventRounds "9"]
[EventCountry "RUS"]
[SourceTitle "EXT 2018"]
[Source "ChessBase"]
[SourceDate "2017.10.13"]
[SourceVersion "1"]
[SourceVersionDate "2017.10.13"]
[SourceQuality "1"]

1. e4 g6 2. d4 Bg7 3. Nc3 c6 4. Bc4 d6 5. Nf3 Nf6 6. Bb3 b5 7. Bg5 b4 8. Bxf6 exf6 9. Nb1 Ba6 10. Nbd2 Qe7 11. c3 f5 12. Qc2 bxc3 13. bxc3 Nd7 14. 0-0-0 f4 15. Rhe1 0-0 16. h4 c5 17. d5 c4 18. Ba4 Nc5 19. Nf1 Nd3+ 20. Kd2 Rab8 21. Rb1 Nxe1 22. Rxe1 Qd8 23. Rb1 Qa5 24. Rxb8 Rxb8 25. Bc6 Bxc3+ 26. Kd1 Rb2 27. Qa4 Qb6 0-1

[Event "RUS-chT U14"]
[Site "Sochi"]
[Date "2016.05.03"]
[Round "3.1"]
[White "Golikov, Daniil"]
[Black "Plaksin, Igor"]
[Result "1-0"]
[WhiteElo "2152"]
[BlackElo "1621"]
[PlyCount "75"]
[EventDate "2016.05.01"]
[EventType "team-tourn"]
[EventRounds "9"]
[EventCountry "RUS"]
[SourceTitle "EXT 2018"]
[Source "ChessBase"]
[SourceDate "2017.10.13"]
[SourceVersion "1"]
[SourceVersionDate "2017.10.13"]
[SourceQuality "1"]

1. d4 Nf6 2. c4 c5 3. d5 b5 4. cxb5 a6 5. bxa6 g6 6. Nc3 Bg7 7. g3 0-0 8. Bg2 d6 9. Nf3 Bxa6 10. 0-0 Nbd7 11. Qc2 Qb6 12. Rd1 Rfb8 13. Rb1 Qc7 14. b3 Qa5 15. Bd2 Qa3 16. Bc1 Qa5 17. a4 c4 18. Nd4 Qc5 19. b4 Rxb4 20. Ba3 Rxb1 21. Bxc5 Rxd1+ 22. Nxd1 Nxc5 23. Nc6 Kf8 24. Ne3 c3 25. Nd1 Bc4 26. Nxc3 Bb3 27. Qd2 Nxa4 28. Nxa4 Bxa4 29. h3 Rc8 30. Qb4 Bc2 31. e4 Re8 32. f4 Nd7 33. Kh2 Nc5 34. e5 Ra8 35. Nxe7 Kxe7 36. exd6+ Kxd6 37. Qb6+ Kd7 38. Qc6+ 1-0

[Event "RUS-chT U14"]
[Site "Sochi"]
[Date "2015.05.07"]
[Round "7.3"]
[White "Plaksin, Igor"]
[Black "Osipov, Daniil"]
[Result "0-1"]
[WhiteElo "1467"]
[BlackElo "1914"]
[PlyCount "74"]
[EventDate "2015.05.01"]
[EventType "team-swiss"]
[EventRounds "7"]
[EventCountry "RUS"]
[SourceTitle "EXT 2018"]
[Source "ChessBase"]
[SourceDate "2017.10.13"]
[SourceVersion "1"]
[SourceVersionDate "2017.10.13"]
[SourceQuality "1"]

1. e4 c5 2. Nf3 Nc6 3. Bb5 Na5 4. 0-0 a6 5. Be2 d6 6. c3 Nf6 7. Re1 g6 8. e5 dxe5 9. Nxe5 Bg7 10. Bf3 Nd7 11. Nxd7 Bxd7 12. d4 cxd4 13. cxd4 0-0 14. Nc3 e6 15. Be3 Bc6 16. Be2 b5 17. Rc1 Rc8 18. b4 Nb7 19. Nb1 Nd6 20. Bf3 Bxf3 21. Qxf3 Rxc1 22. Rxc1 Nf5 23. d5 Nxe3 24. fxe3 exd5 25. Rd1 d4 26. Qc6 Qg5 27. exd4 Qe3+ 28. Kh1 Bxd4 29. Qxa6 Qe2 30. Rc1 Be3 31. Qc6 Bxc1 32. Qxc1 Re8 33. Qg1 Qe1 34. Na3 Qxb4 35. Nc2 Qd2 36. Qb1 Rc8 37. Nb4 Rc1+ 0-1

[Event "RUS-chT U14"]
[Site "Sochi"]
[Date "2015.05.04"]
[Round "4.3"]
[White "Plaksin, Igor"]
[Black "Bykov, Oleg1"]
[Result "1-0"]
[WhiteElo "1467"]
[BlackElo "2225"]
[PlyCount "69"]
[EventDate "2015.05.01"]
[EventType "team-swiss"]
[EventRounds "7"]
[EventCountry "RUS"]
[SourceTitle "EXT 2018"]
[Source "ChessBase"]
[SourceDate "2017.10.13"]
[SourceVersion "1"]
[SourceVersionDate "2017.10.13"]
[SourceQuality "1"]

1. e4 e6 2. d4 d5 3. Nc3 Bb4 4. e5 c5 5. a3 Bxc3+ 6. bxc3 Ne7 7. Qg4 Qc7 8. Qxg7 Rg8 9. Qxh7 cxd4 10. Ne2 dxc3 11. f4 Nbc6 12. Qd3 Bd7 13. Nxc3 a6 14. Ne2 Nf5 15. Bd2 Rc8 16. Rb1 Na5 17. Nd4 Ne7 18. Bb4 Nc4 19. Rg1 Ng6 20. g3 b6 21. Qb3 a5 22. Bd2 Nxd2 23. Kxd2 Nxf4 24. Ba6 Ra8 25. gxf4 Rxg1 26. Rxg1 Rxa6 27. Qh3 Kd8 28. Qh8+ Be8 29. Rg8 Qd7 30. Rxe8+ Qxe8 31. Nc6+ Kd7 32. Nb8+ Ke7 33. Qxe8+ Kxe8 34. Nxa6 Kd7 35. h4 1-0